La importancia de vivir
Guardat en:
| Autor principal: | |
|---|---|
| Format: | Llibre |
| Idioma: | espanyol |
| Publicat: |
Buenos Aires
Sudamericana
1999
|
| Edició: | 26a. ed |
| Matèries: | |
| Etiquetes: |
Afegir etiqueta
Sense etiquetes, Sigues el primer a etiquetar aquest registre!
|
MARC
| LEADER | 00000nam a2200000 a 4500 | ||
|---|---|---|---|
| 001 | UCP5800 | ||
| 003 | CL-VaPUC | ||
| 008 | 990927e19990300AG |||||||||||||||||spa|d | ||
| 082 | 0 | 4 | |a 181.11 |b LIN |2 21 |
| 100 | |a Lin, Yutang |e autor |9 434397 | ||
| 245 | 1 | 3 | |a La importancia de vivir |
| 250 | |a 26a. ed | ||
| 300 | |a 517 p | ||
| 942 | |c BK | ||
| 945 | |d 19990927 00:00:00 |a cmena | ||
| 260 | |a Buenos Aires |b Sudamericana |c 1999 | ||
| 650 | 7 | |a FILOSOFIA CHINA |2 CL-VaPUC |9 266932 | |
| 650 | 7 | |a FILOSOFOS CHINOS |2 CL-VaPUC |9 434398 | |
| 650 | 0 | |a Filosofía oriental |9 319113 | |
| 583 | |a last modification |c 19990927 00:00:00 |k Rodrigo Vera | ||
| 999 | |c 283465 |d 283463 | ||
| 952 | |0 0 |1 0 |4 0 |6 181_110000000000000_LIN_1999 |7 0 |8 A |9 326648 |a BIBEDU |b BIBEDU |d 2019-11-20 |i 3564649 |o 181.11 LIN 1999 |p 3564649 |r 2019-11-20 |w 2019-11-20 |y BK |k EPE | ||